000 02568nam0a2200433 4500
001 RU\NLR\bibl\1402149
005 20260405205950.0
021 _aRU
_b2009-45334
_92758
035 _a(nilc)RSL-KNO-004339331
035 _a(NLR Aleph) 001394153
090 _a1181180
_c1181180
100 _a20090529d2009 |||y0rusy50 ca
101 0 _arus
_aeng
102 _aRU
105 _aa |||||||||
200 1 _aИзвлечение знаний из многомерных данных
_dExtracting knowledge from multidimensional data
_fВ. М. Мордашев
_zeng
210 _aМосква
_cРНЦ "Курчатовский ин-т"
_d2009
215 _a15, [1] с.
_cил.
_d22
225 1 _aПрепринт
_fРоссийский научный центр "Курчатовский институт"
_vИАЭ-6562/15
300 _aТекст парал. на рус. и англ. яз.
320 _aТруды авт., связанные с многофакторным анализом: с. 11-16 (96 назв.)
510 1 _6z66790
_aExtracting knowledge from multidimensional data
_zeng
606 1 _aАнализ данных
_xМатематические методы
_92122399
_3RU\NLR\auth\661281462
606 1 _aМногомерные базы данных
_92573407
_3RU\NLR\auth\661521681
610 2 _aВычислительная техника -- Вычислительные машины электронные цифровые -- Распознавание образов. Автоматическая обработка изображений -- Передача, прием и обработка сигналов -- Математические методы -- Пособие для специалистов
610 2 _aФизико-математические науки -- Математика -- Теория вероятностей и математическая статистика -- Математическая статистика
686 _aЗ973.235-013с11,0
_2rubbk
686 _aВ172,09
_2rubbk
686 _aЗ973.233-018.2
686 _aВ192.11
700 1 _4070
_8rus
_7ca
_aМордашев
_bВ. М.
_gВладимир Михайлович
_3RU\NLR\auth\7793172
_976098
790 1 _4070
_8rus
_7ba
_aMordašev
_bV. M.
_gVladimir Michajlovič
_3RU\NLR\auth\7793173
_976099
801 0 _aRU
_bРГБ
_c20090529
_grcr
801 1 _aRU
_bРГБ
_c20090529
801 2 _aRU
_bNLR
_c20090817
_grcr
830 _aавт. по базе
942 _cBOOK
980 _aNB